Least populated London boroughs. - Statistics

General Stats
  • This quiz has been taken 76 times
  • The average score is 4 of 5
Answer Stats
Rank Hint Answer % Correct
4 191,365 Richmond upon Thames
82%
1 155,594 Kensington and Chelsea
77%
2 166,793 Kingston upon Thames
73%
3 178,685 Hammersmith and Fulham
68%
5 194,352 Barking and Dagenham
58%
No matching quizzes found
Score Distribution
Percent of People with Each Score
Percentile by Number Answered
Your Score History
You have not taken this quiz